Culture Générale - Série 2374 - Statistiques

Statistiques générales
  • Ce quiz a été pris 109 fois
  • Le résultat moyen est 6 sur 10
Statistiques - réponses
Question Réponse % Correct
Quelle est la capitale du Liechtenstein ? Vaduz
78%
De quelle région d'Espagne est issu le flamenco ? Andalousie
75%
Quel est le prénom du partenaire d'Omar Sy dans le film "Intouchables" ? voir photo François
70%
Quelle est la capitale de d'Arabie Saoudite ? Riyad
69%
Quel est le prénom de l'animateur qui a remplacé Philippe Bouvard dans l'émission "Les grosses têtes" en 2014 ? Laurent
67%
Quel était le prénom du père du comédien Claude Brasseur, lui même comédien ? Pierre
54%
Dans quel pays le chanteur Daniel Balavoine est-il décédé d'un accident d'hélicoptère en 1986 ? Mali
53%
Dans quelle ville espagnole ont lieu chaque année les célèbres fêtes taurines de San Fermin ? Pampelune
45%
Pendant le carnaval de Dunkerque, que jette-t-on à la foule depuis le balcon de l'hôtel de ville ? harengs
43%
Comment se nomme le massif montagneux situé au cœur de la Provence, entre le Luberon et la Camargue ? Alpilles
18%
Aucun quiz correspondant
Distribution des résultats
% des personnes avec chaque résultat
Percentile par nombre de réponses
Votre historique - résultats
Vous n’avez pas pris ce quiz